00987nam a2200229 a 4500001001000000003000500010005001700015008004100032010001100073011001100084040000900095100003700104245019700141260004100338500006000379502009400439650002800533650004900561650003700610650004000647856007000687000114651CHAP20220329144451.0180314s2017 mx sm |||||||spa d a111112 a112084 cCHAP1 aPlancarte Galán, Pedro Jesús10aPatogenicidad y control integral de hongos fitopatógenos causantes de la pudrición de raíz y tallo del tomate rojo en Cocula Guerrero.h[En línea]cpor Plancarte Galán Pedro Jesús. aChapingo, Méx. :bEl autor,c2017. aPara ver el contenido del material haga clic en la liga aTesis (M.C. en Protección Vegetal ) -- UACH. Departamento de Parasitología Agrícola14aFungicidasxAnálisis.14aHongos fitopatógenosxControl biológico.14aTomatexEnfermedades por hongos.14aTrichoderma viridae como fungicida. aFinding aiduhttp://10.13.5.2/tesis/sist114651.pdfzTeclea aquí